| 000 -LEADER |
| fixed length control field |
01320pab a2200169 454500 |
| 008 - FIXED-LENGTH DATA ELEMENTS--GENERAL INFORMATION |
| fixed length control field |
180718b2011 xxu||||| |||| 00| 0 eng d |
| 100 ## - MAIN ENTRY--PERSONAL NAME |
| Personal name |
Srivastava,Sanjay |
| 245 ## - TITLE STATEMENT |
| Title |
A Hijra, a female Pradhan and a real estate dealer: Between the market, the state and 'community' |
| 260 ## - PUBLICATION, DISTRIBUTION, ETC. |
| Date of publication, distribution, etc. |
2011 |
| 300 ## - PHYSICAL DESCRIPTION |
| Extent |
p.44-52. |
| 362 ## - DATES OF PUBLICATION AND/OR SEQUENTIAL DESIGNATION |
| Dates of publication and/or sequential designation |
17 Dec |
| 520 ## - SUMMARY, ETC. |
| Summary, etc. |
The history of 20th century Delhi is an intertwined history of the city and the slum. Investigating strategies of being and belonging deployed by the urban poor in the Delhi basti of Nangla Matchi, which was demolished in 2006, this paper explores three varied individual biographies as sites of meanings regarding processes of the state, the unstable contexts of livelihoods, and histories of intra-national displacement. The paper also seeks to make an ethnographic contribution to studies of the urban margins by examining the overlapping careers of "margin" and "centre" as cultural, political and economic contexts. The life-stories described in this paper thus concern the ways in which the metropolises of power, comfort, pleasure, and hygiene are built over and through the provinces of powerlessness, pain, suffering and displacement. - Reproduced. |
| 650 ## - SUBJECT ADDED ENTRY--TOPICAL TERM |
| Topical term or geographic name entry element |
Urban development |
| 773 ## - HOST ITEM ENTRY |
| Main entry heading |
Economic and Political Weekly |
| 908 ## - PUT COMMAND PARAMETER (RLIN) |
| Put command parameter |
N |
| 909 ## - |
| -- |
94251 |